00720nam a2200253Ia 450000500170000000800410001702000180005808200170007610000320009324500320012525000180015730000240017549000160019965000280021565000250024370000260026894200120029426400220030633600270032833700330035533800280038804000350041699900150045120220317001439.0161108s9999 s g 000 0 s  a978843060930704a181.11bL16l1 aLao-Tzud604-531 a. de J. C13aEl libro del taocLao-Tsé a2a. edición a91 páginasc18 cm aGreat Ideas142LEMBaFilosofía china142LEMBaTaoismozChina1 aGolden, Seán973212 2ddccBK aBarcelonabTaurus atextobtxt2rdacontent asin mediaciónbn2rdamedia avolumenbnc2rdacarrier aCO-BoRNBPbspaerdacCO-BoRNBP c7010d7010